Kingdom Hearts Character Quiz - Statistics

General Stats
  • This quiz has been taken 1,387 times
  • The average score is 16 of 18
Answer Stats
Hint Answer % Correct
Main character Sora
100%
King of Disney Castle Mickey
99%
Royal court magician Donald
98%
Main character's best friend Riku
98%
Captain of the guard Goofy
97%
Other best friend of main character Kairi
97%
Number XIII Roxas
96%
XIII's best friend, wields fire Axel
93%
Stuck in the Realm of Darkness Aqua
89%
Nobody of main antagonist Xemnas
87%
Body was taken over by main antagonist Terra
86%
Looks like Number XIII Ventus
86%
Former leader of Radiant Garden Ansem the WIse
85%
Main antagonist of the series Xehanort
84%
Evil sorceress Maleficent
82%
Clone of XIII Xion
82%
Nobody that can manipulate memories Namine
80%
Master of characters in Birth By Sleep Eraqus
65%
No matching quizzes found
Score Distribution
Percent of People with Each Score
Percentile by Number Answered
Your Score History
You have not taken this quiz